Learning Resource and Development

Basic mechanics / (Record no. 27815)

MARC details
000 -LEADER
fixed length control field 00621nam a22002177a 4500
003 - CONTROL NUMBER IDENTIFIER
control field CSPC
005 - DATE AND TIME OF LATEST TRANSACTION
control field 20240709090212.0
008 - FIXED-LENGTH DATA ELEMENTS--GENERAL INFORMATION
fixed length control field 240709b |||||||| |||| 00| 0 eng d
020 ## - INTERNATIONAL STANDARD BOOK NUMBER
International Standard Book Number 9789350848302
040 ## - CATALOGING SOURCE
Transcribing agency CSPC
082 ## - DEWEY DECIMAL CLASSIFICATION NUMBER
Classification number 621.8
Item number B292
245 00 - TITLE STATEMENT
Title Basic mechanics /
260 3# - PUBLICATION, DISTRIBUTION, ETC.
Name of publisher, distributor, etc. 3G Elearning ;
Date of publication, distribution, etc. 2016
300 ## - PHYSICAL DESCRIPTION
Extent vii, 233 pages :
Other physical details illustrations ;
Dimensions 23 cm.
336 ## - CONTENT TYPE
Content type term rdacontent
Content type code text
337 ## - MEDIA TYPE
Media type term rdamedia
Media type code unmediated
338 ## - CARRIER TYPE
Carrier type term rdacarrier
Carrier type code volume
650 ## - SUBJECT ADDED ENTRY--TOPICAL TERM
Topical term or geographic name entry element Mechanics.
942 ## - ADDED ENTRY ELEMENTS (KOHA)
Source of classification or shelving scheme Dewey Decimal Classification
Suppress in OPAC No
Koha item type Books
Classification part 621.8
Item part B292
Call number prefix ENG
Call number suffix 2016
Holdings
Withdrawn status Lost status Source of classification or shelving scheme Damaged status Not for loan Home library Current library Shelving location Date acquired Total Checkouts Full call number Barcode Date last seen Copy number Price effective from Koha item type
    Dewey Decimal Classification     Main Library Main Library Engineering Section 07/09/2024   ENG 621.8 B292 2016 021236 07/09/2024 1-1 07/09/2024 Books